Marketing an introduction

Guardat en:
Dades bibliogràfiques
Autor principal: MASTERSON, Rosalind
Format: Llibre
Idioma:anglès
Publicat: Sage Publications 2017.
Etiquetes: Afegir etiqueta
Sense etiquetes, Sigues el primer a etiquetar aquest registre!

MARC

LEADER 00000nam a22000007a 4500
008 210826b ||||| |||| 00| 0 eng d
020 |a 978-1-5264-2632-1 
100 |a MASTERSON, Rosalind. 
245 |a Marketing  |b an introduction  |c Rosalind Masterson, Nichola Phillips, David Pickton.  |g  xi, 542p. : ill. 
250 |b 4th ed.  
260 |b Sage Publications  |c 2017.   |h Los Angeles  |i 693237   |i 693238  |l HF5415 .M39  |m Marketing. 
500 |a “It includes references and index” 
942 |a lcc  |c BK  |e YUNUSA, A.A.  |f 26/8/21 
952 |0 0  |1 0  |2 lcc  |4 0  |6 HF5415 M39  |7 0  |9 3228  |a HOL  |b MPL  |c GJ  |d 2021-08-26  |l 0  |o HF5415 .M39   |p 2021-66926  |r 2021-08-26 00:00:00  |w 2021-08-26  |y BK 
952 |0 0  |1 0  |2 lcc  |4 0  |6 HF5415 M39  |7 0  |9 3229  |a HOL  |b HOL  |c GJ  |d 2021-08-26  |l 0  |o HF5415 .M39   |p 2021-66927  |r 2021-08-26 00:00:00  |w 2021-08-26  |y BK 
999 |c 1619  |d 1619